000 02150cam a2200337 i 4500
001 18891167
003 SISC
005 20160722153931.0
008 151210s2016 moua b 000 0 eng
010 _a 2015490325
020 _a9780323289610
040 _aDLC
_beng
_erda
_cDLC
_dDLC
042 _apcc
050 0 0 _aRT 55
_b.H32 2016
082 0 0 _a610.73
100 1 _aHarding, Mariann,
_eauthor.
245 1 0 _aWinningham's critical thinking cases in nursing :
_bmedical-surgical, pediatric, maternity, and psychiatric /
_cMariann Harding, PhD, RN,CNE, Associate Professor, Department of Nursing, Kent State University at Tuscarawas, New Philadelphia, Ohio, Julie S. Snyder, MSN, RN-BC, Quality Initiative Coordinator, Chesapeake Regional Medical Center, Chesapeake, Virginia, Adjunct Faculty, School of Nursing, Old Dominion University, Norfolk, Virginia, Barbara A. Preusser, PhD, FNPC, Family Nurse Practitioner, Veterans Administration Medical Center, Salt Lake City, Utah, Deceased.
246 1 _aCritical thinking cases in nursing
250 _a6th edition.
260 _aMissouri :
_bElsevier,
_c2016.
300 _axi, 722 pages :
_billustrations ;
_c28 cm
500 _aRev. ed. of: Critical thinking in medical-surgical settings / Maryl L. Winningham and Barbara A. Preusser. 2nd ed. c2011.
500 _aIncludes appendix.
505 0 _aCardiovascular disorders -- Respiratory disorders -- Musculoskeletal disorders -- Gastrointestinal disorders -- Genitourinary disorders -- Neurologic disorders -- Endocrine disorders -- Immunologic disorders -- Oncologic and hematologic disorders -- Pediatric disorders -- Maternal and obstetric disorders -- Women's health disorders -- Psychiatric disorders -- Alternative therapies -- Patients with multiple disorders -- Emergency situations.
700 1 _aSnyder, Julie S.
700 1 _aPreusser, Barbara A.
700 1 _aWinningham, Maryl Lynne,
_d1947-2001.
_tCritical thinking in medical-surgical settings.
906 _a7
_bcbc
_corigcop
_d2
_encip
_f20
_gy-gencatlg
942 _2lcc
_cBK
999 _c297886
_d297886